000 00769nam a22002657a 4500
001 27505
003 UA-OsUOA
005 20210725211607.0
007 ta
008 20040729b un ||||| |||| 00| 0 ukr d
020 _a966-311-013-9 (рус.)
040 _aUA-OsUOA
_bukr
_cUA-OsUOA
_dUA-OsUOA
041 _aukr
044 _aUA
080 _a341.215.2(0075.8)
090 _a341.215.2(0075.8)
_bД27
100 _aГерат Д.
245 _aПраво внутреннего рынка Евнопейського Союза
_bучеб. пособ.
260 _aКиев
_bЗнання-Прес
_c2004
300 _a422 с.
650 7 _2UDC
942 _cBK
_2udc
955 _a0
999 _c313851
_d313851